00502nam a2200193 a 4500001001300000003000900013005001700022008004100039020001000080082001600090100001400106245003400120260004300154300002800197500003500225505001300260650002100273700001400294nice12345678IN_TiNIC20260116011300.0050524s1912 bona grp 000 0 ger  ac10000a297.4bHOR1 aHorten, M aMystische Texte Aus Dem Islam aBonnanbA.Marcusund Publicationsc1912 a3 tracts bound together aincludes index and biblioraphy2 aarchives aSufism-Ibn Arabi1 aHorten, M